Statistics for Melon Weekly Chart #1 List 2023

Click here to take the quiz!

General Stats

  • This quiz has been taken 13 times
  • The average score is 8 of 10

Answer Stats

1st plce
in week
artistAnswer% Correct
6 weeks(G)I-DLEQueencard
100%
1 weekJung KookSeven- Clean Ver.
100%
5 weeksIVEI AM
88%
3 weeksIVEKitsch
88%
7 weeksNewJeansSuper Shy
88%
2 weeksIVEBaddie
75%
9 weeksAKMULove Lee
75%
6 weeksLE SSERAFIMPerfect Night
75%
1 weekaespaSpicy
75%
1 weekEXOThe First Snow
38%

Score Distribution

Percentile by Number Answered

Percent of People with Each Score

Your Score History

You have not taken this quiz